[Event "FRA-ch op-D"]
[Site "Pau"]
[Date "2012.08.14"]
[Round "1"]
[White "Pinault, Jacqueline"]
[Black "Zounani, Sarah"]
[Result "0-1"]
[WhiteElo "1499"]
[BlackElo "1379"]
[PlyCount "70"]
[EventDate "2012.08.14"]
[EventType "swiss"]
[EventRounds "11"]
[EventCountry "FRA"]
[SourceTitle "EXT 2014"]
[Source "ChessBase"]
[SourceDate "2013.11.20"]
[SourceVersion "1"]
[SourceVersionDate "2013.11.20"]
[SourceQuality "1"]

1. e4 c5 2. Nf3 Nc6 3. Nc3 Nf6 4. Bc4 g6 5. d3 Bg7 6. Bf4 0-0 7. 0-0 d6 8. Qd2 e5 9. Bg5 h6 10. Bxf6 Qxf6 11. Nd5 Qd8 12. Bb5 Rb8 13. Rab1 Be6 14. c4 Bxd5 15. exd5 Na5 16. Rfe1 a6 17. Ba4 b5 18. Bd1 bxc4 19. dxc4 Nxc4 20. Qc2 Nb6 21. Qd3 f5 22. Qxa6 Nxd5 23. Qc4 e4 24. Qxd5+ Kh7 25. Nd2 Qa5 26. Qxd6 Rfd8 27. Qf4 Qxd2 28. Re3 Qxd1+ 29. Re1 Qd2 30. h3 Qxf4 31. a4 Rxb2 32. Rxb2 Bxb2 33. Rb1 Rd2 34. a5 Qxf2+ 35. Kh2 Qxg2# 0-1